000 00578cam a22002171 4500
001 sa 68005655
003 DLC
005 20260227112510.0
008 890830s1966 ii 000 0 malo
010 _asa 68005655
035 _a(OCoLC)20281680
040 _aDLC
_cWaU
_dDLC
043 _ae------
_aff-----
_aaw-----
050 0 0 _aPA6008
_b.K7
100 0 _aKrishna Chaitanya,
_d1918-
245 1 0 _aPilkkāla Lattīn sāhityacaritr̲aṃ.
260 _c[1966]
300 _a400 p.
_c18 cm.
500 _aIn Malayalam.
650 0 _aLatin literature
_xHistory and criticism.
999 _c80851
_d80851